000 01355cam a22002891 4500
001 ne 68002226
003 DLC
005 20260227111843.0
008 890402m19619999ir b 001 0 per
010 _ane 68002226
035 _a(OCoLC)23554733
040 _aDLC
_cMiU
_dDLC
043 _aaw-----
_aff-----
_ae-sp---
050 0 0 _aDS38.2
_b.F37 1961
066 _c(3
_c(4
100 1 _6880-01
_aFaṣīḥ Khvāfī, Faṣīḥ al-Dīn Aḥmad,
_d1375-
245 1 0 _6880-02
_aMujmal-i Faṣīḥī /
_cmuʼallif Faṣīh Aḥmad ibn Jalāl al-Dīn Muḥammad Khvāfī ; bi taṣʹḥīḥ va taḥshīyah-i Maḥmūd Farrukh.
260 _6880-03
_aMashhad :
_bKitābfurūshī-i Bāstān,
_c1339-<1340> [1961-<1962 or 1963>
300 _av. <1-2 > ;
_c25 cm.
504 _aIncludes bibliographical references (v. 1, p. 416) and indexes.
651 0 _aIslamic Empire
_xHistory.
700 1 _6880-05
_aFarrukh, Maḥmūd.
880 1 _6100-01/(3/r
_aفصيح خوافى، فصيح الدين احمد،
_dب. ١٣٧٥.
880 1 0 _6245-02/(3/r
_aمجمل فصيحى /
_cمؤلف فصيه احمد بن جلال الدين محمد خوافى ؛ ب تص‌حيح و تحشيه محمود فرخ.
880 _6260-03/(3/r
_aمشهد :
_bکتابفروشى باستان،
_c1339-<1340> [1961-<1962 or 1963>.
880 1 _6700-05/(3/r
_aفرخ، محمود.
999 _c50475
_d50475